书目信息 |
| 题名: |
酚酸化学
|
|
| 作者: | 张东明 主编 | |
| 分册: | ||
| 出版信息: | 北京 化学工业出版社 2009.01 |
|
| 页数: | 335页 | |
| 开本: | 26cm | |
| 丛书名: | 天然产物化学丛书 | |
| 单 册: | ||
| 中图分类: | O623.65 | |
| 科图分类: | ||
| 主题词: | 缩酚酸类--suo fen suan lei--研究 | |
| 电子资源: | ||
| ISBN: | 978-7-122-03736-7 | |
| 000 | 00876nam 2200253 450 | |
| 001 | 557892 | |
| 005 | 20100807090029.45 | |
| 010 | @a978-7-122-03736-7@dCNY58.00 | |
| 100 | @a20100515d2009 em y0chiy0120 ea | |
| 101 | 0 | @achi |
| 102 | @aCN@b110000 | |
| 105 | @aa a 001yy | |
| 200 | 1 | @a酚酸化学@Afen suan hua xue@f张东明主编@Fzhang dong ming zhu bian |
| 210 | @a北京@c化学工业出版社@d2009.01 | |
| 215 | @a335页@c图@d26cm | |
| 225 | 2 | @a天然产物化学丛书@Atian ran chan wu hua xue cong shu |
| 320 | @a有书目和索引 | |
| 330 | @a本书介绍了天然产物中酚酸类化合物的研究概况,根据酚酸类化合物母核的特点介绍了9类化合物的结构特点、生源关系及分布、提取分离等内容。 | |
| 410 | 0 | @12001 @a天然产物化学丛书 |
| 606 | 0 | @a缩酚酸类@Asuo fen suan lei@x研究 |
| 690 | @aO623.65@v4 | |
| 701 | 0 | @a张东明@Azhang dong ming@4主编 |
| 801 | 0 | @aCN@c20100515 |
| 905 | @dO623.65@eZ094@f5 | |
| 酚酸化学/张东明主编.-北京:化学工业出版社,2009.01 |
| 335页:图;26cm.-(天然产物化学丛书) |
| ISBN 978-7-122-03736-7:CNY58.00 |
| 本书介绍了天然产物中酚酸类化合物的研究概况,根据酚酸类化合物母核的特点介绍了9类化合物的结构特点、生源关系及分布、提取分离等内容。 |
| ● |
| 相关链接 |
|
|
|
正题名:酚酸化学
索取号:O623.65/Z094
 
预约/预借
| 序号 | 登录号 | 条形码 | 馆藏地/架位号 | 状态 | 备注 |
| 1 | 999441 | 209994416 | 自科二线504/504自科库 50排2列6层/ [索取号:O623.65/Z094] | 在馆 | |
| 2 | 999442 | 209994425 | 自科库401/401自科库 63排6列2层/ [索取号:O623.65/Z094] | 在馆 | |
| 3 | 999443 | 209994434 | 自科库401/401自科库 63排6列2层/ [索取号:O623.65/Z094] | 在馆 | |
| 4 | 999444 | 209994443 | 自科二线504/504自科库 50排2列2层/ [索取号:O623.65/Z094] | 在馆 | |
| 5 | 999445 | 209994452 | 自科二线504/504自科库 50排2列2层/ [索取号:O623.65/Z094] | 在馆 |